Statistics for I'm A Celebrity 2023

Click here to take the quiz!

General Stats

  • This quiz has been taken 56 times
    (53 since last reset)
  • The average score is 10 of 12

Answer Stats

OccupationAgeAnswer% Correct
Actress and Singer32Jamie Lynn Spears
92%
YouTuber26Nella Rose
90%
GB News Host and Former MEP59Nigel Farage
90%
TV Personality and Radio DJ31Sam Thompson
90%
Food Critic50Grace Dent
87%
This Morning Host38Josie Gibson
87%
Former Boxer40Tony Bellew
82%
Pop Star and TV Presenter38Marvin Humes
79%
Hollyoaks Actor48Nick Pickard
77%
EastEnders Actress31Danielle Harold
74%
Jockey52Frankie Dettori
72%
TV Presenter51Fred Sirieix
54%

Score Distribution

Percentile by Number Answered

Percent of People with Each Score

Your Score History

You have not taken this quiz since the last reset